| 000 | 01474nam a22003617i 4500 | ||
|---|---|---|---|
| 003 | EG-ScBUE | ||
| 005 | 20260512103829.0 | ||
| 008 | 100707t1993 ua a frbd 0 ara eng d | ||
| 017 | _a93 - 2622 | ||
| 020 | _a9771500996 | ||
| 040 |
_aEG-ScBUE _bara _erda _cEG-ScBUE _dEG-ScBUE |
||
| 082 | 0 | 4 |
_a535.4 _bب ر ك _222 |
| 100 | 1 |
_916049 _aبركات، نايل، _eمؤلف. |
|
| 245 | 1 | 2 |
_aالتداخل الضوئي والألياف / _cتأليف الدكتور نايل بركات، الدكتور أحمد أمين حمزة. |
| 264 | 1 |
_aالقاهرة : _bدار النشر للجامعات المصرية، _c[1993] |
|
| 264 | 4 | _cتاريخ حق النشر 1993 | |
| 300 |
_a302 صفحة : _bإيضاحيات ؛ _c24 سم |
||
| 336 |
_2rdacontent _aنص _btxt |
||
| 337 |
_aبدون وسيط _2rdamedia _bn |
||
| 338 |
_aمجلد _bnc _2rdacarrier |
||
| 500 | _aيشتمل على قائمة بالمصطلحات. | ||
| 504 | _aيحتوي على إرجاعات ببليوجرافية. | ||
| 541 |
_aألف باء ؛ _cشراء ؛ |
||
| 650 | 7 |
_914300 _aالضوء. _2BUEsh |
|
| 650 | 7 |
_916053 _aالضوء _xتشتت. _2BUEsh |
|
| 650 | 7 |
_916054 _aانتشار الضوء. _2BUEsh |
|
| 650 | 7 |
_916055 _aانعكاس الضوء. _2BUEsh |
|
| 650 | 7 |
_916056 _aانكسار الضوء. _2BUEsh |
|
| 650 | 7 |
_916057 _aالألياف البصرية. _2BUEsh |
|
| 655 | _vReading book | ||
| 700 | 1 |
_914263 _aحمزة، أحمد أمين، _eمؤلف. |
|
| 942 |
_2ddc _cBB |
||
| 999 |
_c14432 _d14432 |
||